Normal view
MARC view
Entry Topical Term
001 - CONTROL NUMBER
- control field: 53338
003 - CONTROL NUMBER IDENTIFIER
- control field: OSt
005 - DATE AND TIME OF LATEST TRANSACTION
- control field: 20160422130730.0
008 - FIXED-LENGTH DATA ELEMENTS
- fixed length control field: 160422|| aca||aabn | a|a d
040 ## - CATALOGING SOURCE
- Original cataloging agency: OSt
- Transcribing agency: OSt
150 ## - HEADING--TOPICAL TERM
- Topical term or geographic name entry element: Political Science
670 ## - SOURCE DATA FOUND
- Source citation: Work cat.: (OSt)11289: दीक्षित जे. एन 49464, भारत की विदेश नीति और इनके पडोसी , 2005









